Normal view
MARC view
Entry Personal Name
001 - CONTROL NUMBER
- control field: 27192
003 - CONTROL NUMBER IDENTIFIER
- control field: dpl
005 - DATE AND TIME OF LATEST TRANSACTION
- control field: 20110408143746.0
008 - FIXED-LENGTH DATA ELEMENTS
- fixed length control field: 110408|||a|||||| | ||| d
040 ## - CATALOGING SOURCE
- Original cataloging agency: dpl
- Transcribing agency: dpl
100 ## - HEADING--PERSONAL NAME
- Personal name: श्रीवास्तव, संतोष
670 ## - SOURCE DATA FOUND
- Source citation: Work cat.: (dpl)43622: श्रीवास्तव, संतोष, मुझे जन्म दो मां /, 2010
670 ## - SOURCE DATA FOUND
- Source citation: Work cat.: (dpl)43622: श्रीवास्तव, संतोष, मुझे जन्म दो मां /, 2010
